Statistics for Квиз о Османском царству

Click here to take the quiz!

General Stats

  • This quiz has been taken 45 times
  • The average score is 13 of 20

Answer Stats

ТрагОдговор% Correct
Престоница Османског царстваЦариград
100%
Главни језик ОсманлијаТурски
97%
Титула османског владараСултан
92%
Елитна трупа војника која је испрва била састављена од отетих
хришћанских дечака који су били преобраћени у ислам
Јаничари
89%
Титула особе која је вршила дужност сличној премијеру за царствоВелики {везир}
86%
Довео царство до златног доба током своје 46-годишње владавине 1500-их{Сулејман} Величанствени
86%
Царство под чијом је контролом био овај град пре него што су га
Османлије освојиле 1453.
Византија
86%
Европска престоница коју су Османлије оспедале, али нису успеле да освоје, 1529. и 1683. годинеБеч
72%
Оснивач модерне Турске након распада Османског царства 1922.Мустафа Кемал Ататурк
67%
Воз који је повезивао Османско царство и Париз{Оријент} Експрес
64%
Оснивач царстваОсман I
58%
Рат који је означио крај Османског царстваПрви светски рат
56%
Ново оружје које су Османлије користиле кад су га освојилеТоп
53%
Влашки кнез који је пружио крвави отпор Османлијама,
набијајући на колац хиљаде њихових војника
Влад Цепеш
53%
Народи над којима су Османлије извршиле геноцидЈермени, Асирци
и Понтски Грци
53%
Рат у коме су се Османлије бориле против Русије 1850-ихКримски рат
44%
Британски авантуриста који је помогао арапској побуни против ОсманлијаТ. Е. Лоренс
39%
Енглески песник који је погинуо борећи се за грчку независност против Османлија 1824.Лорд Бајрон
36%
Полуострво које аустралијске и новозеландске трупе нису успеле да заузму, претрпевши страшне жртвеГалипоље
33%
Друга титула коју су османски владари понели, која је означавала
вођство над целим исламским светом
Калиф
25%

Score Distribution

Percentile by Number Answered

Percent of People with Each Score

Your Score History

You have not taken this quiz